Cities in Canada - Sudden Death - Statistics

General Stats
  • This quiz has been taken 84 times
  • The average score is 8 of 30
Answers on the Grid
Answers color-coded by a green-red scale on the quiz's grid according to % correct below.
Moose Jaw
Iqaluit
York
Chilliwack
Saint-Louis-du-Ha! Ha!
Arthur Lake
Helena
Yellowknife
Windsor
West London
Hamilton
Waagosh
Black Lake
Quebec City
Fundy
Miigwech
Bathurst
Pickle Lake
MacDonald's Bay
Moosonee
Truro
North Battleford
Sheferraque
Red Deer
Thunder Bay
Richmond Hill
Manitoba City
Toronto
Dauphin
Maple Ridge
Tillsonburg
Val-d'Or
Alert
New Manchester
Summerside
Lake Churchill
Montcalme
Wood Buffalo
Montreuil-sur-Mer
Pickering
Port Coquitlam
Fort Smith
Dartmouth
Fredericton
Pointe-Riche
Greenwich
Schefferville
Caribou Creek
Yarmouth
Hastings
 
Answer Stats
Answer % Correct
Quebec City
68%
Hamilton
63%
Moose Jaw
63%
Toronto
63%
Yellowknife
62%
Iqaluit
57%
Windsor
53%
Thunder Bay
42%
Red Deer
37%
Chilliwack
35%
Fredericton
28%
Richmond Hill
23%
Val-d'Or
18%
Port Coquitlam
17%
Maple Ridge
15%
Bathurst
13%
Pickering
13%
Truro
13%
North Battleford
12%
Dauphin
10%
Saint-Louis-du-Ha! Ha!
10%
Yarmouth
10%
Dartmouth
8%
Moosonee
7%
Fort Smith
5%
Summerside
5%
Wood Buffalo
5%
Schefferville
3%
Tillsonburg
2%
Pickle Lake
0%
No matching quizzes found
Score Distribution
Percent of People with Each Score
Percentile by Number Answered
Your Score History
You have not taken this quiz